| 000 | 01263nam a2200265 a 4500 | ||
|---|---|---|---|
| 008 | 190122s2017 ||||||||||||||||| || u | ||
| 020 | _a9780008247652 | ||
| 050 | _aHD 9696.63.U62 Nad | ||
| 100 | _aNadella, Satya | ||
| 245 | 1 | 0 |
_aHit refresh : the quest to rediscover microsoft's soul and imagine a better future _cby Satya Nadella; Greg Shaw and Jill Tracie Nichols |
| 260 |
_aLondon: _bWilliam Collins _c2017 |
||
| 300 | _axi, 272 pages : illustrations | ||
| 350 | _a3.18 | ||
| 650 | 0 | _aORGANIZATIONAL CHANGE | |
| 650 | _aCOMPUTER SOFTWARE--INDUSTRY--UNITED STATES | ||
| 650 | _aTECHNOLOGICAL INNOVATIONS--SOCIAL ASPECTS | ||
| 650 | 0 | _aINFORMATION SOCIETY | |
| 650 | _aMICROSOFT CORPORATION--HISTORY | ||
| 650 | 0 | _aEMPATHY | |
| 650 | _aCHIEF EXECUTIVE OFFICERS--UNITED STATES--BIOGRAPHY | ||
| 650 | _aMICROSOFT CORPORATION--EMPLOYEES--BIOGRAPHY | ||
| 650 | _aBUSSINESSMEN--UNITED STATES--BIOGRAPHY | ||
| 995 |
_aMAIN LIBRARY OPEN ACCESS _e748832 _FCBU-MAIN LIBRARY (Kitwe) _I3.18 _jHD 9696.63.U62 Nad _M1 _UAVAILABLE _WJan 23, 2019 _y748832 _ZMain Library Open Access Collection |
||
| 995 |
_aMAIN LIBRARY OPEN ACCESS _e748842 _FCBU-MAIN LIBRARY (Kitwe) _I3.18 _jHD 9696.63.U62 Nad _M2 _UAVAILABLE _WJan 23, 2019 _y748842 _ZMain Library Open Access Collection |
||
| 999 |
_c76319 _d76319 |
||